000 01450cam a22004094i 4500
003 PE-LiUPU
005 20250731173137.0
008 150623s1888 nyu r 000 0 eng d
035 _a(Sirsi) a27038
040 _aPE-LiUPU
_bspa
_cPE-LiUPU
_erda
082 0 4 _a232
_bB95
_221
100 1 _aBushnell, Horace,
_d1802-1876,
_eautor.
245 1 4 _aThe character of Jesus /
_cHorace Bushnell.
264 1 _aNew York :
_bThe Chautauqua Press,
_c1888.
300 _a87 páginas ;
_c17 centímetros
336 _atext
_2rdacontent
337 _aunmediated
_2rdamedia
338 _avolume
_2rdacarrier
505 0 _aIn the little volume we reprint, with consent of the author, the tenth chapter of his treatise, nature and the supernatural.
526 _aSEG42
526 _aSEG41
526 _aSEG40
526 _aSEG39
526 _aP94
526 _aP87
526 _aP86
526 _aP85
526 _aP77
526 _aP76
526 _aP35
650 0 4 _aJesucristo
_xDivinidad.
942 _2ddc
_cBOOK
949 _a232 B95
_wDEWEY
_c1
_i52315
_lCCODEBUL1
_mBUL
_p3.00
_r0
_sY
_tBOOK
_u2015-06-24
_xTEOLOGIA
_PP35
_0COMPRA
_o.STAFF. Colección General
596 _a1
999 _a232 B95
_wDEWEY
_c34135
_i52315
_d34135
_e2017-5-18
_f2021-11-11
_g5
_lCCODEBUL1
_mBUL
_n1
_p3.00
_r0
_sY
_tBOOK
_u2015-6-24
_xTEOLOGIA
_PP35
_0COMPRA
_o.STAFF. Colección Teología
980 _81
_gALBERTO SANCHEZ Responsable de Automatización